MARC

LEADER 00000nam0a2200000 4500
001 140648
005 20231031142122.0
035 |a (RuTPU)RU\TPU\book\152371 
090 |a 140648 
100 |a 20080703d1965 m y0rusy50 ca 
101 0 |a rus 
102 |a RU 
105 |a a z 001zy 
200 1 |a Автоматические захваты для штучных грузов  |f С. М. Меламед 
210 |a Москва  |c Машиностроение  |d 1965 
215 |a 131 с.  |c ил. 
320 |a Библиогр.: с.129. 
610 1 |a захваты 
610 1 |a штучные грузы 
610 1 |a подъемные краны 
610 1 |a грузозахватные приспособления 
610 1 |a полуавтоматические захваты 
610 1 |a расчеты 
610 1 |a подвески 
675 |a 621.869  |v 3 
700 1 |a Меламед  |b С. М. 
801 1 |a RU  |b 63413507  |c 20080703  |g PSBO 
801 2 |a RU  |b 63413507  |c 20220303  |g PSBO 
942 |c BK